[Event "VIII Festival A"]
[Site "Nichelino ITA"]
[Date "2007.10.07"]
[Round "6"]
[White "Torrione, William"]
[Black "D'Amato, Piergiorgio"]
[Result "1-0"]
[WhiteElo "1911"]
[BlackElo "1941"]
[PlyCount "99"]
[EventDate "2007.10.04"]

1. d4 Nf6 2. c4 g6 3. Nc3 d5 4. cxd5 Nxd5 5. Nxd5 Qxd5 6. Nf3 Bg7 7. e3 O-O 8.
b3 c6 9. Bc4 Qa5+ 10. Qd2 Qc7 11. Bb2 Nd7 12. O-O Nf6 13. Qc2 Bf5 14. Bd3 Bg4
15. Ne5 Rad8 16. Nxg4 Nxg4 17. g3 Qa5 18. Be2 Qh5 19. Bxg4 Qxg4 20. Rfd1 Rd5
21. e4 Rh5 22. f4 Bh6 23. Rf1 Rd8 24. Rae1 Bg7 25. Qf2 Qh3 26. Rd1 Qg4 27. e5
Rf5 28. Qg2 Rh5 29. Qf3 Qh3 30. Rf2 Rd5 31. g4 Rh6 32. Rd3 Qh4 33. Qg3 e6 34.
Qxh4 Rxh4 35. Rg3 h5 36. g5 Bf8 37. h3 c5 38. Kg2 cxd4 39. Rd3 Bb4 40. Rf1 Be1
41. Bc1 Bc3 42. Kg3 Rxf4 43. Kxf4 Ra5 44. Bd2 Rxa2 45. Bxc3 dxc3 46. Rxc3 Rb2
47. Rd1 Rf2+ 48. Kg3 Rf5 49. h4 Rxe5 50. Rd8+ 1-0

[Event "VIII Festival A"]
[Site "Nichelino ITA"]
[Date "2007.10.07"]
[Round "6"]
[White "Zunino, Davide"]
[Black "Malano, Francesco"]
[Result "1/2-1/2"]
[WhiteElo "1980"]
[BlackElo "1967"]
[PlyCount "113"]
[EventDate "2007.10.04"]

1. d4 c5 2. d5 e5 3. e4 d6 4. Nc3 Be7 5. Bb5+ Kf8 6. a4 Bg5 7. Nf3 Bxc1 8. Qxc1
a6 9. Be2 b6 10. O-O g6 11. Nd2 Kg7 12. f4 exf4 13. Rxf4 Nh6 14. Nc4 f6 15. Qe1
Nf7 16. Qg3 Nd7 17. Raf1 Rf8 18. h4 Qe7 19. h5 Nfe5 20. hxg6 hxg6 21. Ne3 Kf7
22. Bg4 Nxg4 23. Nxg4 Kg7 24. Ne3 Ne5 25. Ne2 Bd7 26. R4f2 Rf7 27. Nf4 Rh8 28.
Nf5+ Bxf5 29. exf5 g5 30. Ne6+ Kg8 31. Re2 Rfh7 32. Kf2 Rh4 33. Qb3 Rb4 34. Qa3
Qh7 35. Qh3 Qxh3 36. gxh3 Rxa4 37. Kg2 Kf7 38. b3 Rah4 39. Re3 g4 40. hxg4 Rh2+
41. Kg3 Rxc2 42. g5 fxg5 43. Nxg5+ Kg7 44. f6+ Kg6 45. f7 Rf8 46. Ne4 Rxf7 47.
Ra1 a5 48. Nxd6 Rd7 49. Nc8 Rc7 50. Nxb6 Rb7 51. Nc8 Rc7 52. Nd6 Rd7 53. Rxe5
Rxd6 54. Re6+ Rxe6 55. dxe6 Kf6 56. Rxa5 Kxe6 57. Rb5 1/2-1/2

[Event "XXV Coppa d'Oro"]
[Site "Villa Guardia ITA"]
[Date "2007.10.05"]
[Round "1"]
[White "Bevilacqua, Roberto"]
[Black "Laricini, Alberto"]
[Result "1-0"]
[WhiteElo "2159"]
[BlackElo "1667"]
[PlyCount "69"]
[EventDate "2007.10.05"]

1. e4 Nf6 2. d3 d6 3. Nc3 e5 4. f4 exf4 5. Bxf4 c6 6. d4 Bg4 7. Qd3 Nh5 8. Bd2
Be7 9. Be2 Bxe2 10. Ncxe2 Bh4+ 11. g3 Bg5 12. Bxg5 Qxg5 13. Nf3 Qe7 14. O-O-O
Nd7 15. Rde1 O-O-O 16. Rhf1 g6 17. Nc3 a6 18. a4 Rhe8 19. a5 Kb8 20. Qc4 f6 21.
Kb1 Ng7 22. Na4 Rc8 23. b4 Ne6 24. Qb3 Nc7 25. c4 Qf8 26. d5 Ka7 27. Nd4 c5 28.
bxc5 dxc5 29. Nb6 Rcd8 30. Nxd7 Rxd7 31. Qb6+ Ka8 32. Rxf6 Qg8 33. Nb3 Rb8 34.
Nxc5 Rf7 35. Ref1 1-0

[Event "XXV Coppa d'Oro"]
[Site "Villa Guardia ITA"]
[Date "2007.10.05"]
[Round "1"]
[White "Cairoli, Camillo"]
[Black "Boffi, Luigi"]
[Result "1-0"]
[WhiteElo "1937"]
[BlackElo "1557"]
[PlyCount "72"]
[EventDate "2007.10.05"]

1. e4 d5 2. exd5 Qxd5 3. Nc3 Qa5 4. h3 Bf5 5. Nf3 e6 6. d4 c6 7. Bd3 Bxd3 8.
Qxd3 Be7 9. Bd2 Nd7 10. O-O Ngf6 11. Ne2 Qd8 12. c4 O-O 13. Rad1 Nc5 14. Qc2
Nce4 15. Bc1 Nd6 16. Ng3 h6 17. Rfe1 Nde8 18. Re3 Nh7 19. Rb3 Qc7 20. Qe2 a5
21. a3 a4 22. Rc3 Qa5 23. Ne5 Nhf6 24. Nf1 Qa6 25. Qf3 Nd6 26. Ne3 Rac8 27.
N3g4 Nde8 28. Nxf6+ Nxf6 29. g4 Nh7 30. Qe2 Rfd8 31. Rf3 Bf6 32. Rc3 Be7 33.
Kg2 Nf6 34. g5 Nd5 35. Rf3 hxg5 36. Nxf7 Rf8 1-0

[Event "XXV Coppa d'Oro"]
[Site "Villa Guardia ITA"]
[Date "2007.10.05"]
[Round "1"]
[White "Calabrese, Salvatore"]
[Black "Giaracuni, Claudio"]
[Result "0-1"]
[WhiteElo "1323"]
[BlackElo "1759"]
[PlyCount "64"]
[EventDate "2007.10.05"]

1. d4 d5 2. Nc3 Bf5 3. g3 Nf6 4. Bg2 e6 5. Nf3 c5 6. Bf4 Nc6 7. Nb5 Qa5+ 8. Nc3
Ne4 9. O-O Nxc3 10. Bd2 Nxd1 11. Bxa5 Nxf2 12. Bc7 Nh3+ 13. Bxh3 Bxh3 14. Rfd1
cxd4 15. Nxd4 Nxd4 16. Rxd4 Bc5 17. e3 Bxd4 18. exd4 Rc8 19. Be5 Rxc2 20. Bxg7
Rg8 21. Be5 h5 22. b4 h4 23. a4 hxg3 24. Bxg3 Kd7 25. b5 f5 26. a5 f4 27. Ra3
fxg3 28. Rxg3 Rxg3+ 29. hxg3 Rg2+ 30. Kh1 Rxg3 31. b6 axb6 32. a6 bxa6 0-1

[Event "XXV Coppa d'Oro"]
[Site "Villa Guardia ITA"]
[Date "2007.10.05"]
[Round "1"]
[White "Gatti, Luigi"]
[Black "Zuccoli, Maurizio"]
[Result "0-1"]
[WhiteElo "1425"]
[BlackElo "1885"]
[PlyCount "86"]
[EventDate "2007.10.05"]

1. d4 d5 2. c4 e6 3. Nc3 Nf6 4. Bg5 Be7 5. Nf3 O-O 6. e3 Nbd7 7. cxd5 Nxd5 8.
Bxe7 Qxe7 9. Bd3 b6 10. O-O Bb7 11. a3 Nxc3 12. bxc3 c5 13. e4 Nf6 14. Re1 cxd4
15. cxd4 Rac8 16. Qb3 Rfd8 17. Qb2 Rc7 18. Rac1 Rxc1 19. Qxc1 Rc8 20. Qb2 Qc7
21. Nd2 Qc3 22. Qxc3 Rxc3 23. Bb1 g6 24. f3 a5 25. e5 Nd5 26. Ne4 Rxa3 27. Nd6
Ba6 28. Ne4 Ra4 29. Rd1 Be2 30. Rd2 Ra1 31. Kf2 Rxb1 32. Kxe2 b5 33. Nf6+ Kg7
34. Ne8+ Kf8 35. Nf6 Nc3+ 36. Kd3 b4 37. Nxh7+ Ke7 38. Nf6 a4 39. Kc4 a3 40. d5
exd5+ 41. Nxd5+ Nxd5 42. Rxd5 a2 43. Ra5 a1=Q 0-1

[Event "XXV Coppa d'Oro"]
[Site "Villa Guardia ITA"]
[Date "2007.10.05"]
[Round "1"]
[White "Ghelfi, Giancarlo"]
[Black "Grassetto, Gilberto"]
[Result "0-1"]
[WhiteElo "1538"]
[BlackElo "1923"]
[PlyCount "68"]
[EventDate "2007.10.05"]

1. e4 c5 2. Nf3 d6 3. d4 cxd4 4. Nxd4 a6 5. Nc3 Nf6 6. Bg5 e6 7. f4 Nbd7 8. Qf3
Qc7 9. O-O-O b5 10. Bxb5 axb5 11. Ndxb5 Qb6 12. e5 Bb7 13. Rxd6 Bxf3 14. Rxb6
Nxb6 15. Nc7+ Kd7 16. Nxa8 Bxa8 17. exf6 g6 18. Rd1+ Nd5 19. Na4 Kc6 20. a3 h6
21. Bh4 Nxf4 22. Rd2 Nd5 23. b4 g5 24. Bf2 Nxf6 25. Rd8 Bg7 26. Rxh8 Bxh8 27.
Bd4 Kb5 28. Nb6 Bxg2 29. Nc8 Bg7 30. Nd6+ Kc6 31. Nxf7 Ne8 32. Bxg7 Nxg7 33.
Nxh6 Nf5 34. Kd2 Nxh6 0-1

[Event "XXV Coppa d'Oro"]
[Site "Villa Guardia ITA"]
[Date "2007.10.05"]
[Round "1"]
[White "Larghi, Riccardo"]
[Black "Moioli, Ferruccio"]
[Result "1-0"]
[WhiteElo "1921"]
[BlackElo "1521"]
[PlyCount "91"]
[EventDate "2007.10.05"]

1. Nf3 g6 2. g3 Bg7 3. Bg2 Nf6 4. O-O Nc6 5. d4 d5 6. Bg5 Bf5 7. Nbd2 Ne4 8.
Be3 Qd7 9. Re1 Nb4 10. a3 Nxd2 11. axb4 Nc4 12. Bc1 O-O 13. c3 b6 14. b3 Nd6
15. Ne5 Bxe5 16. dxe5 Ne4 17. Bxe4 Bxe4 18. f3 Bf5 19. Qd4 Qe6 20. Bh6 Rfe8 21.
g4 Bc2 22. Ra3 c5 23. bxc5 bxc5 24. Qd2 Bxb3 25. Rxb3 Qxe5 26. Bf4 Qf6 27. Rb7
Qc6 28. Rc7 Qf6 29. Rxc5 e5 30. Bg5 Qb6 31. Be3 Red8 32. Bf2 Qe6 33. Rd1 d4 34.
cxd4 exd4 35. Bxd4 Rd7 36. e3 Rad8 37. Rdc1 Qa6 38. h4 f5 39. gxf5 Qb7 40. Kf2
Rf7 41. Qc2 Qb8 42. Rc7 Rxf5 43. Qc4+ Rfd5 44. Qc6 Rxd4 45. Qe6+ Kf8 46. Qf7#
1-0

[Event "XXV Coppa d'Oro"]
[Site "Villa Guardia ITA"]
[Date "2007.10.05"]
[Round "1"]
[White "Liscio, Giovanni"]
[Black "Corti, Filippo"]
[Result "1-0"]
[WhiteElo "2018"]
[BlackElo "1619"]
[PlyCount "69"]
[EventDate "2007.10.05"]

1. d4 Nf6 2. Nf3 g6 3. c4 Bg7 4. Nc3 d6 5. e4 O-O 6. Be2 Nbd7 7. O-O e5 8. d5
Nc5 9. Nd2 a5 10. f3 Ne8 11. Nb3 b6 12. Be3 f5 13. Qc2 f4 14. Bf2 g5 15. Nxc5
bxc5 16. a3 Bd7 17. b4 axb4 18. axb4 cxb4 19. Nb5 h5 20. Qb3 g4 21. Qxb4 Rxa1
22. Rxa1 Qg5 23. Qe1 gxf3 24. Bxf3 Bf6 25. Kf1 Rf7 26. Ra7 Bg4 27. Qe2 Bxf3 28.
Qxf3 Qg4 29. Ra8 Kf8 30. Ke2 Rg7 31. Qxg4 hxg4 32. c5 dxc5 33. Bxc5+ Kg8 34.
Rxe8+ Kf7 35. Rf8+ 1-0

[Event "XXV Coppa d'Oro"]
[Site "Villa Guardia ITA"]
[Date "2007.10.05"]
[Round "1"]
[White "Napoli, Ferdinando"]
[Black "Lotti, Riccardo"]
[Result "1-0"]
[WhiteElo "1850"]
[BlackElo "1398"]
[PlyCount "35"]
[EventDate "2007.10.05"]

1. e4 e6 2. d4 d5 3. Nc3 c5 4. exd5 exd5 5. Nf3 c4 6. Be2 Ne7 7. O-O Ng6 8. Re1
Be7 9. Ne5 Nxe5 10. dxe5 Be6 11. Bf3 Bc5 12. Bxd5 Qb6 13. Ne4 c3 14. Nxc5 Bxd5
15. Qxd5 O-O 16. b3 Na6 17. Nd7 Qc6 18. Qxc6 1-0

[Event "XXV Coppa d'Oro"]
[Site "Villa Guardia ITA"]
[Date "2007.10.05"]
[Round "1"]
[White "Pede, Lucio"]
[Black "Colombo, Alberto"]
[Result "0-1"]
[WhiteElo "1658"]
[BlackElo "2099"]
[PlyCount "100"]
[EventDate "2007.10.05"]

1. e4 e6 2. d4 d5 3. exd5 exd5 4. Nf3 Bd6 5. c4 c6 6. c5 Bc7 7. Bd3 Ne7 8. O-O
O-O 9. Qc2 h6 10. Re1 Nd7 11. Bh7+ Kh8 12. Qe2 Kxh7 13. Qxe7 Qxe7 14. Rxe7 Bd8
15. Re2 b6 16. b4 Bf6 17. Ne5 Nxe5 18. dxe5 Re8 19. Bf4 bxc5 20. bxc5 g5 21.
Bg3 Ba6 22. Re1 Be7 23. Rc1 f5 24. f4 Rab8 25. Nd2 Rb2 26. Nb3 Bc4 27. fxg5
hxg5 28. Bf2 Bd8 29. Re1 Bc7 30. Bd4 Rc2 31. g3 Bd3 32. e6 Be4 33. Bf2 Be5 34.
Nd4 Bxd4 35. Bxd4 Rxe6 36. Bf2 Re7 37. Rec1 Rb2 38. Rc3 Kg6 39. Rb3 Rd2 40. Rb8
d4 41. Rg8+ Kf6 42. h4 gxh4 43. gxh4 Rg7+ 44. Rxg7 Kxg7 45. a4 Kg6 46. Rc1 Kh5
47. Kf1 d3 48. Be3 Ra2 49. Rc4 Kg4 50. Ke1 Re2+ 0-1

[Event "XXV Coppa d'Oro"]
[Site "Villa Guardia ITA"]
[Date "2007.10.05"]
[Round "1"]
[White "Raineri, Pieroberto"]
[Black "Bellotto, Stefano"]
[Result "0-1"]
[WhiteElo "1614"]
[BlackElo "1999"]
[PlyCount "100"]
[EventDate "2007.10.05"]

1. d4 Nf6 2. c4 c6 3. Nc3 d5 4. cxd5 cxd5 5. Bg5 Nc6 6. e3 a6 7. Nf3 Bg4 8.
Bxf6 exf6 9. Qb3 Be6 10. Be2 Be7 11. O-O O-O 12. a3 Na5 13. Qa2 Rc8 14. Rac1
Qd7 15. Nd2 b5 16. b4 Nc4 17. Nb3 Qc7 18. Bf3 Rfd8 19. Rfd1 Qb6 20. Qa1 f5 21.
Nc5 Rc7 22. Be2 Ra7 23. Bxc4 bxc4 24. Rb1 Qc6 25. f4 Rb8 26. Rd2 Qc7 27. Rdb2
h6 28. a4 Bd6 29. a5 Qe7 30. Qa4 Bxc5 31. bxc5 Rxb2 32. Rxb2 Bd7 33. Nxd5 Bxa4
34. Nxe7+ Rxe7 35. Kf2 c3 36. Rb4 Bb5 37. Rb1 c2 38. Rc1 Bd3 39. Ke1 Be4 40.
Kd2 Kf8 41. g3 Rc7 42. Ra1 Ke7 43. Ra3 Ke6 44. Rb3 Kd5 45. Rb6 Rc6 46. Rb7 Rf6
47. Rb8 g5 48. Rd8+ Kc4 49. Rb8 gxf4 50. gxf4 Rg6 0-1

[Event "XXV Coppa d'Oro"]
[Site "Villa Guardia ITA"]
[Date "2007.10.05"]
[Round "1"]
[White "Schingaro, Angelo"]
[Black "Curioni, Franco"]
[Result "0-1"]
[WhiteElo "1691"]
[BlackElo "2197"]
[PlyCount "56"]
[EventDate "2007.10.05"]

1. e4 c5 2. Nf3 e6 3. d4 cxd4 4. Nxd4 a6 5. Bd3 Qc7 6. Nc3 Nf6 7. O-O Bc5 8.
Nb3 Ba7 9. Kh1 Nc6 10. f3 O-O 11. a4 h6 12. Qe1 Re8 13. Qh4 Ne5 14. Bf4 d6 15.
Bxe5 dxe5 16. f4 exf4 17. Qxf4 Qxf4 18. Rxf4 e5 19. Rxf6 gxf6 20. Nd5 Rd8 21.
Nxf6+ Kg7 22. Rf1 Be6 23. Na5 Rab8 24. Nc4 Bd4 25. h3 b5 26. axb5 axb5 27. Na3
Bxb2 28. Nxb5 Rxd3 0-1

[Event "XXV Coppa d'Oro"]
[Site "Villa Guardia ITA"]
[Date "2007.10.12"]
[Round "2"]
[White "Bellotto, Stefano"]
[Black "Napoli, Ferdinando"]
[Result "1/2-1/2"]
[WhiteElo "1999"]
[BlackElo "1850"]
[PlyCount "28"]
[EventDate "2007.10.05"]

1. d4 Nf6 2. c4 g6 3. Nc3 Bg7 4. e4 d6 5. Nge2 O-O 6. Ng3 e5 7. d5 a5 8. Be2 c6
9. Be3 Qc7 10. O-O Na6 11. Qd2 Bd7 12. Rac1 Ne8 13. Rfd1 c5 14. Nb5 Qb6 1/2-1/2

[Event "XXV Coppa d'Oro"]
[Site "Villa Guardia ITA"]
[Date "2007.10.12"]
[Round "2"]
[White "Calabrese, Mattia"]
[Black "Boffi, Luigi"]
[Result "0-1"]
[WhiteElo "1347"]
[BlackElo "1557"]
[PlyCount "54"]
[EventDate "2007.10.05"]

1. c4 e6 2. d4 Nf6 3. a3 Be7 4. Nc3 O-O 5. e4 h6 6. Bd3 c5 7. e5 Ne8 8. d5 d6
9. Nf3 dxe5 10. dxe6 Bxe6 11. Nd5 Bxd5 12. cxd5 Bd6 13. O-O Nf6 14. Bc4 a6 15.
b4 b5 16. Ba2 c4 17. Re1 Qc7 18. g3 Nbd7 19. Bb1 Nb6 20. Be4 Nxe4 21. Rxe4 f5
22. Re1 Rae8 23. Be3 f4 24. Bc5 fxg3 25. hxg3 Bxc5 26. bxc5 Qxc5 27. Nxe5 Qxf2+
0-1

[Event "XXV Coppa d'Oro"]
[Site "Villa Guardia ITA"]
[Date "2007.10.12"]
[Round "2"]
[White "Colombo, Alberto"]
[Black "Larghi, Riccardo"]
[Result "1-0"]
[WhiteElo "2099"]
[BlackElo "1921"]
[PlyCount "37"]
[EventDate "2007.10.05"]

1. d4 c5 2. e3 Nf6 3. Nf3 e6 4. Bd3 b6 5. Qe2 Bb7 6. O-O Be7 7. Nbd2 Qc7 8. b3
d6 9. Bb2 Nbd7 10. c4 h6 11. Rad1 O-O-O 12. e4 cxd4 13. Nxd4 Nc5 14. Bb1 Kb8
15. e5 dxe5 16. Nb5 Qc6 17. Bxe5+ Bd6 18. f3 Ne8 19. b4 1-0

[Event "XXV Coppa d'Oro"]
[Site "Villa Guardia ITA"]
[Date "2007.10.12"]
[Round "2"]
[White "Corti, Filippo"]
[Black "Gatti, Luigi"]
[Result "1/2-1/2"]
[WhiteElo "1619"]
[BlackElo "1425"]
[PlyCount "98"]
[EventDate "2007.10.05"]

1. Nf3 Nf6 2. g3 d5 3. Bg2 c6 4. d3 Nbd7 5. O-O e5 6. Nbd2 Bd6 7. e4 dxe4 8.
Nxe4 Nxe4 9. dxe4 Qc7 10. Qe2 h6 11. Be3 O-O 12. Nh4 Nf6 13. Nf5 Bxf5 14. exf5
Rfe8 15. Rad1 Rad8 16. Rd2 c5 17. Rfd1 Be7 18. g4 Rd6 19. g5 hxg5 20. Bxg5 Rxd2
21. Rxd2 Nh7 22. Bxe7 Qxe7 23. Qd3 Nf6 24. Qd6 b6 25. Bc6 Qxd6 26. Rxd6 Re7 27.
Rd8+ Kh7 28. f3 Kh6 29. Be4 Kg5 30. Rh8 Rd7 31. Kf2 Rd2+ 32. Ke3 Nxe4 33. fxe4
Rxc2 34. h4+ Kg4 35. Rh7 g5 36. fxg6 fxg6 37. Rxa7 Rxb2 38. Rg7 Kxh4 39. Rxg6
c4 40. Re6 c3 41. Rc6 b5 42. Rxc3 Rxa2 43. Rc5 Ra3+ 44. Ke2 b4 45. Rxe5 b3 46.
Rb5 Kg4 47. Rb4 Ra2+ 48. Kd1 Kf4 49. Rxb3 Kxe4 1/2-1/2

[Event "XXV Coppa d'Oro"]
[Site "Villa Guardia ITA"]
[Date "2007.10.12"]
[Round "2"]
[White "Curioni, Franco"]
[Black "Cairoli, Camillo"]
[Result "1-0"]
[WhiteElo "2197"]
[BlackElo "1937"]
[PlyCount "71"]
[EventDate "2007.10.05"]

1. e4 e6 2. Qe2 c5 3. f4 Nc6 4. Nf3 Nf6 5. Nc3 d5 6. e5 Nd7 7. b3 a6 8. g3 Be7
9. Bb2 b5 10. Bg2 Bb7 11. O-O O-O 12. Nd1 c4 13. d4 cxd3 14. cxd3 d4 15. Rc1
Qb6 16. Nf2 Rfd8 17. Ne4 Rac8 18. a3 Nf8 19. Rc2 b4 20. a4 Na5 21. Rxc8 Bxc8
22. Nfd2 Bb7 23. Qf2 Ng6 24. Rc1 Bd5 25. Bxd4 Qb7 26. Bb6 Nc6 27. Bxd8 Bxd8 28.
Nd6 Qa8 29. Bxd5 exd5 30. Qc5 Nge7 31. d4 h5 32. Nf3 Qb8 33. Nf5 g6 34. Nxe7+
Nxe7 35. Qd6 Qb6 36. Qf6 1-0

[Event "XXV Coppa d'Oro"]
[Site "Villa Guardia ITA"]
[Date "2007.10.12"]
[Round "2"]
[White "Giaracuni, Claudio"]
[Black "Schingaro, Angelo"]
[Result "1-0"]
[WhiteElo "1759"]
[BlackElo "1691"]
[PlyCount "63"]
[EventDate "2007.10.05"]

1. d4 Nf6 2. Nc3 d5 3. Bg5 e6 4. e3 Be7 5. Nf3 b6 6. Ne5 Bb7 7. Bb5+ c6 8. Bd3
O-O 9. O-O Qc7 10. a3 Ba6 11. Qe2 Bxd3 12. Qxd3 Nbd7 13. f4 a5 14. a4 Nb8 15.
Rf3 Na6 16. Na2 c5 17. c3 c4 18. Qc2 Rfc8 19. f5 Ne4 20. Bxe7 Qxe7 21. fxe6 f6
22. Ng4 Qxe6 23. Nf2 Ng5 24. Rg3 Re8 25. Rf1 Qd6 26. Qf5 Ra7 27. Ng4 Kh8 28.
Rf4 Ne4 29. Rh3 Ng5 30. Rh5 Qe6 31. Rxg5 Qf7 32. Ne5 1-0

[Event "XXV Coppa d'Oro"]
[Site "Villa Guardia ITA"]
[Date "2007.10.12"]
[Round "2"]
[White "Grassetto, Gilberto"]
[Black "Bevilacqua, Roberto"]
[Result "0-1"]
[WhiteElo "1923"]
[BlackElo "2159"]
[PlyCount "48"]
[EventDate "2007.10.05"]

1. d4 d5 2. Nf3 Bg4 3. Nbd2 Nd7 4. e3 e5 5. h3 Bxf3 6. Nxf3 e4 7. Nd2 Bd6 8. c4
c6 9. cxd5 cxd5 10. Qa4 Ngf6 11. Be2 O-O 12. O-O Nb6 13. Qd1 Qe7 14. a3 a5 15.
a4 Nfd7 16. Qb3 f5 17. Bb5 Bc7 18. Qd1 f4 19. Nb3 f3 20. g3 h5 21. Bd2 h4 22.
Nc5 hxg3 23. fxg3 Bxg3 24. Be1 Bxe1 0-1

[Event "XXV Coppa d'Oro"]
[Site "Villa Guardia ITA"]
[Date "2007.10.12"]
[Round "2"]
[White "Lotti, Riccardo"]
[Black "Raineri, Pieroberto"]
[Result "0-1"]
[WhiteElo "1398"]
[BlackElo "1614"]
[PlyCount "52"]
[EventDate "2007.10.05"]

1. d4 Nf6 2. c4 g6 3. Nc3 Bg7 4. e4 d6 5. f4 O-O 6. Nf3 c5 7. Be3 Ng4 8. Qd2
Nxe3 9. Qxe3 cxd4 10. Nxd4 Qb6 11. O-O-O Nc6 12. Na4 Bxd4 13. Rxd4 Qxd4 14.
Qxd4 Nxd4 15. c5 Bd7 16. b3 dxc5 17. Bc4 b5 18. Nxc5 bxc4 19. Nxd7 Rfd8 20. Ne5
cxb3 21. Kb2 bxa2 22. Kxa2 Rab8 23. Rc1 Rd6 24. Nc4 Ra6+ 25. Na3 Nb5 26. Rb1
Nc3+ 0-1

[Event "XXV Coppa d'Oro"]
[Site "Villa Guardia ITA"]
[Date "2007.10.12"]
[Round "2"]
[White "Moioli, Ferruccio"]
[Black "Pede, Lucio"]
[Result "0-1"]
[WhiteElo "1521"]
[BlackElo "1658"]
[PlyCount "60"]
[EventDate "2007.10.05"]

1. d4 d5 2. Nc3 e6 3. a3 Nf6 4. Bg5 h6 5. Bh4 Be7 6. Bg3 c6 7. e3 b6 8. Be2 Ba6
9. Nf3 Bxe2 10. Qxe2 Nbd7 11. e4 O-O 12. h3 Rc8 13. O-O c5 14. Rae1 Nxe4 15.
Nxe4 dxe4 16. Qxe4 Nf6 17. Qd3 c4 18. Qd2 Nd5 19. c3 b5 20. Bf4 a5 21. Re4 b4
22. Bxh6 Nf6 23. Bxg7 Nxe4 24. Qh6 f6 25. Nh4 Qd5 26. Ng6 Bd6 27. Qh8+ Kf7 28.
Qh7 Ng5 29. Qh5 Nf3+ 30. Qxf3 Qxf3 0-1

[Event "XXV Coppa d'Oro"]
[Site "Villa Guardia ITA"]
[Date "2007.10.12"]
[Round "2"]
[White "Zuccoli, Maurizio"]
[Black "Liscio, Giovanni"]
[Result "1/2-1/2"]
[WhiteElo "1885"]
[BlackElo "2018"]
[PlyCount "52"]
[EventDate "2007.10.05"]

1. e4 c5 2. Nf3 d6 3. d4 cxd4 4. Nxd4 Nf6 5. Nc3 a6 6. Bc4 e6 7. Bb3 b5 8. a3
Qc7 9. Bg5 Be7 10. O-O Bd7 11. f4 Nc6 12. Kh1 O-O 13. Qd3 Nxd4 14. Qxd4 Bc6 15.
f5 e5 16. Qd3 Ne8 17. Bxe7 Qxe7 18. Bd5 Bb7 19. f6 gxf6 20. Bxb7 Qxb7 21. Rf5
Kh8 22. Nd5 Rg8 23. Raf1 Rg6 24. Qh3 Kg7 25. Rh5 h6 26. Qe3 Qa7 1/2-1/2

[Event "XXV Coppa d'Oro"]
[Site "Villa Guardia ITA"]
[Date "2007.10.19"]
[Round "3"]
[White "Boffi, Luigi"]
[Black "Corti, Filippo"]
[Result "1/2-1/2"]
[WhiteElo "1557"]
[BlackElo "1619"]
[PlyCount "58"]
[EventDate "2007.10.05"]

1. e4 c6 2. d4 d5 3. Nc3 dxe4 4. Nxe4 Bf5 5. Ng3 Bg6 6. h4 h6 7. Nf3 Nd7 8. c3
Qc7 9. Bd3 Bxd3 10. Qxd3 Ngf6 11. O-O e6 12. Re1 Bd6 13. Ne4 Nxe4 14. Qxe4 Nf6
15. Qe2 O-O 16. Ne5 Rad8 17. Ng4 Nxg4 18. Qxg4 Kh8 19. Qh5 Bf4 20. Bxf4 Qxf4
21. g3 Qd2 22. Re2 Qd3 23. Rae1 Rd5 24. Qg4 h5 25. Qf4 Rf5 26. Qc7 Qa6 27. a3
Qb6 28. Qxb6 axb6 29. Re5 Rxe5 1/2-1/2

[Event "XXV Coppa d'Oro"]
[Site "Villa Guardia ITA"]
[Date "2007.10.19"]
[Round "3"]
[White "Cairoli, Camillo"]
[Black "Zuccoli, Maurizio"]
[Result "0-1"]
[WhiteElo "1937"]
[BlackElo "1885"]
[PlyCount "42"]
[EventDate "2007.10.05"]

1. e4 c5 2. Nf3 d6 3. d4 cxd4 4. Nxd4 Nf6 5. Nc3 a6 6. Bg5 e6 7. Qd2 Be7 8.
O-O-O b5 9. Bxf6 Bxf6 10. Bxb5+ axb5 11. Ndxb5 O-O 12. Qxd6 Bg5+ 13. Kb1 Nd7
14. Nc7 Rb8 15. h4 Bf6 16. N7b5 Be5 17. Qd2 Qa5 18. f4 Bxc3 19. Nxc3 Nb6 20.
Qe1 Nc4 21. b3 Qa3 0-1

[Event "XXV Coppa d'Oro"]
[Site "Villa Guardia ITA"]
[Date "2007.10.19"]
[Round "3"]
[White "Gatti, Luigi"]
[Black "Calabrese, Salvatore"]
[Result "1/2-1/2"]
[WhiteElo "1425"]
[BlackElo "1323"]
[PlyCount "53"]
[EventDate "2007.10.05"]

1. d4 g6 2. c4 Bg7 3. Nf3 c5 4. e3 Nc6 5. Nc3 Qa5 6. Be2 e5 7. dxe5 Nxe5 8.
Nxe5 Bxe5 9. Bd2 Ne7 10. Bf3 Qc7 11. g3 h5 12. Qc2 h4 13. Nd5 Nxd5 14. cxd5
hxg3 15. fxg3 Bxg3+ 16. Ke2 Rxh2+ 17. Rxh2 Bxh2 18. Rh1 d6 19. Qe4+ Kf8 20. Bc3
Be5 21. Rh8+ Kg7 22. Qh4 b6 23. Rh7+ Kg8 24. Rh8+ Kg7 25. Rh7+ Kg8 26. Bxe5
dxe5 27. Rh8+ 1/2-1/2

[Event "XXV Coppa d'Oro"]
[Site "Villa Guardia ITA"]
[Date "2007.11.25"]
[Round "3"]
[White "Giaracuni, Claudio"]
[Black "Colombo, Alberto"]
[Result "1-0"]
[WhiteElo "1759"]
[BlackElo "2099"]
[PlyCount "55"]
[EventDate "2007.10.05"]

1. d4 Nf6 2. Nc3 e6 3. Bg5 c5 4. e4 cxd4 5. Qxd4 Nc6 6. Qd2 Qa5 7. Bd3 Bb4 8.
Nge2 a6 9. O-O h6 10. Bh4 g5 11. Bg3 d5 12. exd5 Nxd5 13. a3 Nxc3 14. Nxc3 Be7
15. b4 Qb6 16. Ne4 Qd4 17. Rfd1 f5 18. Nc5 O-O 19. Nb3 Qg7 20. f3 Bf6 21. Rab1
Ne5 22. Bf1 Rd8 23. Qe1 Bd7 24. Nc5 b6 25. Nxd7 Rxd7 26. Rxd7 Nxd7 27. Qxe6+
Qf7 28. Bc4 1-0

[Event "XXV Coppa d'Oro"]
[Site "Villa Guardia ITA"]
[Date "2007.10.19"]
[Round "3"]
[White "Larghi, Riccardo"]
[Black "Laricini, Alberto"]
[Result "1-0"]
[WhiteElo "1921"]
[BlackElo "1667"]
[PlyCount "97"]
[EventDate "2007.10.05"]

1. Nf3 d5 2. c4 c6 3. d4 Nf6 4. Nc3 Bf5 5. Qb3 b6 6. cxd5 Nxd5 7. e3 Nxc3 8.
bxc3 e6 9. Be2 Be7 10. O-O O-O 11. a4 c5 12. Nd2 Nc6 13. Ba3 Rb8 14. Rfd1 cxd4
15. cxd4 Bxa3 16. Rxa3 Qe7 17. Rc1 Na5 18. Qb2 Qb7 19. Bf3 Qd7 20. Qb4 Rfc8 21.
Rac3 Rxc3 22. Rxc3 Rc8 23. Be2 Rxc3 24. Qxc3 Qc6 25. Qxc6 Nxc6 26. Bb5 Ne7 27.
Kf1 Nc8 28. e4 Bg6 29. Ke2 Nd6 30. Bc6 Kf8 31. Ke3 Ke7 32. g4 f6 33. f4 Be8 34.
Bxe8 Nxe8 35. h4 Nc7 36. f5 exf5 37. gxf5 Ne8 38. Kf4 Nd6 39. h5 Nf7 40. e5
fxe5+ 41. dxe5 h6 42. Nc4 Ng5 43. Nd6 Kd8 44. e6 Nh3+ 45. Ke5 Ng5 46. f6 gxf6+
47. Kxf6 Nh7+ 48. Kg7 Ng5 49. Nf7+ 1-0

[Event "XXV Coppa d'Oro"]
[Site "Villa Guardia ITA"]
[Date "2007.10.19"]
[Round "3"]
[White "Liscio, Giovanni"]
[Black "Bellotto, Stefano"]
[Result "1-0"]
[WhiteElo "2018"]
[BlackElo "1999"]
[PlyCount "61"]
[EventDate "2007.10.05"]

1. d4 d6 2. c4 f5 3. Nc3 Nf6 4. g3 g6 5. Bg2 Bg7 6. Nf3 O-O 7. d5 Na6 8. O-O
Bd7 9. Rb1 c5 10. e4 fxe4 11. Ng5 Nc7 12. Ngxe4 Nxe4 13. Nxe4 b5 14. b3 Rb8 15.
Bg5 h6 16. Be3 Kh7 17. h3 Qe8 18. g4 Qf7 19. Ng3 e5 20. Be4 Ne8 21. Qe2 Nf6 22.
Bd3 Qe7 23. cxb5 Nxd5 24. Bxg6+ Kh8 25. a4 Nc3 26. Qd2 Nxb1 27. Bxb1 Qh4 28.
Qd3 Kg8 29. Qh7+ Kf7 30. Bg6+ Kf6 31. Nh5+ 1-0

[Event "XXV Coppa d'Oro"]
[Site "Villa Guardia ITA"]
[Date "2007.10.19"]
[Round "3"]
[White "Raineri, Pieroberto"]
[Black "Grassetto, Gilberto"]
[Result "0-1"]
[WhiteElo "1614"]
[BlackElo "1923"]
[PlyCount "62"]
[EventDate "2007.10.05"]

1. Nf3 d5 2. d4 Nf6 3. c4 dxc4 4. e3 a6 5. a4 c5 6. Bxc4 cxd4 7. O-O e6 8. exd4
Be7 9. Nc3 O-O 10. Bf4 Nbd7 11. a5 b5 12. Ba2 Bb7 13. d5 exd5 14. Nxd5 Nxd5 15.
Bxd5 Bxd5 16. Qxd5 Nf6 17. Qc6 Qd5 18. Rac1 Qa2 19. Be5 Rfe8 20. Rfd1 Qxa5 21.
Ra1 Qb4 22. Rxa6 Rac8 23. Qb7 Ng4 24. Bc3 Qb3 25. Re1 Bc5 26. Rf1 Qc2 27. Bd4
Bxd4 28. Nxd4 Qxb2 29. Nxb5 Rc1 30. Qxf7+ Kxf7 31. Nd6+ Kg8 0-1